000 01185nam a22002057a 4500
001 4074
003 FISKH
005 20240605134639.0
008 240605b cb ||||| |||| 00| 0 eng d
020 _a9781760293086
040 _aFISKH
_beng
_cFISKH
_dFISKH
050 _aPN147.M555
082 _a808.042
100 _aMiller, Patti
245 _aWriting true stories :
_cPatti Miller
260 _aNew York :
_bRoutledge,
_c2017
300 _a342 pages :
_c24 cm
520 _a"Patti Miller is the most well-regarded and experienced memoir teacher in Australia. And Writing True Stories is the culmination of her experience as an award-winning non-fiction writer as well as an acclaimed memoir teacher. Writing True Stories is invaluable for anyone who has ever wanted to write their own memoir or their family's history. Patti Miller has included writing exercises, examples and readings to help each writer accumulate the skills necessary to write their stories in a fascinating and engaging way. The book is organized in a graded development of writing experience and will be used by beginning writing students and more advanced writers." -- from Library Thing
942 _2ddc
_cBK
_n0
999 _c4074
_d4074